000 00989nam a2200313Ia 4500
008 160803s9999 xx 000 0 und d
020 _a9780545198165
100 _aRubin, Susan Goldman
245 4 _aThe Anne Frank case :
245 _bSimon Wiesenthal's search for the truth /
245 _cby Susan Goldman Rubin ; illustrated by Bill Farnsworth.
260 _aNew York :
260 _bScholastic Inc.
260 _c2009
300 _a40 pages :
300 _billustrations (chiefly color) ;
300 _c28 cm
650 _aHolocaust survivors -- Austria -- Biography --
650 _aHolocaust, Jewish (1939-1945) --
650 _aJews -- Austria -- Biography --
650 _aNazi hunters -- Austria -- Biography --
650 _aWiesenthal, Simon --
650 _xJuvenile literature.
650 _xJuvenile literature.
650 _xJuvenile literature.
650 _xJuvenile literature.
650 _xJuvenile literature.
700 _a910
999 _c299768
_d299768